000
00283cam a2200121ua 4500
003
OSt
008
210805b ||||| |||| 00| 0 eng d
082
_a
894.8124
_b
CAL/GA
245
_a
Gadyamanjari /
260
_a
:
_b
University of Calicut ,
_c
1971.
300
_a
165 ; .
942
_c
BK
999
_c
1288
_d
1288